00368pab a2200145 454500008004000000100001900040245004400059260000900103300001100112362001100123650002500134650001700159700002600176773002000202180718b2017 xxu||||| |||| 00| 0 eng d aKaptan, Sanjay aRole of universities in 'Make in India" c2017 ap.3-7. a23 Jan aUniversities - India aUniversities aKore, Anand Suryabhan aUniversity News